Statistics for Singers by Songs #1

Click here to take the quiz!

General Stats

  • This quiz has been taken 16 times
  • The average score is 4 of 20

Answer Stats

SongArtist% Correct
Don't Start NowDua Lipa
67%
Say SoDoja Cat
58%
Rain On MeLady Gaga
58%
Adore YouHarry Styles
50%
ROCKSTARDaBaby
33%
Futsal ShuffleLil Uzi Vert
25%
The BoxRoddy Ricch
25%
Chicago FreestyleDrake
17%
WHATS POPPINGJack Harlow
17%
SavageBeyonce
8%
IdontknowJamie xx
8%
A Few Words For The Firing SquadRun The Jewels
8%
Shellys (Its Chill)Blimes and Gab
0%
People, I've been SadChristine and The Queens
0%
Bored in The HouseCurtis Roach
0%
Good NewsMac Miller
0%
Nothing At AllPerfume Genius
0%
Pig FeetTerrace Martin
0%
FireWaxahatchee
0%
Gospel For a New CenturyYves Tumor
0%

Score Distribution

Percentile by Number Answered

Percent of People with Each Score

Your Score History

You have not taken this quiz